[Event "Russian Championship B11 1st league 2016"]
[Site "Loo"]
[Date "2016.04.25"]
[Round "6.21"]
[White "Kulakov, Timofei"]
[Black "Neprokin, Georgij"]
[Result "1-0"]
[WhiteElo "1463"]
[BlackElo "1411"]
[PlyCount "45"]
[EventDate "2016.04.20"]

1. e4 e6 2. d4 d5 3. Nd2 Nf6 4. e5 Nfd7 5. Bd3 c5 6. c3 Nc6 7. Ne2 Qb6 8. Nf3
Be7 9. O-O cxd4 10. cxd4 h6 11. a3 a6 12. Qc2 O-O 13. Bd2 Rd8 14. b4 Nf8 15.
Rfc1 Bd7 16. Qb2 Na7 17. Rc3 Nb5 18. Rc2 Rdc8 19. Rac1 Na7 20. Be3 Rc6 21. Nc3
Rc7 22. Nxd5 Rxc2 23. Nxe7+ 1-0

[Event "Russian Championship B11 1st league 2016"]
[Site "Loo"]
[Date "2016.04.25"]
[Round "6.22"]
[White "Tetyuev, Stepan"]
[Black "Gukhman, Sergey"]
[Result "1-0"]
[WhiteElo "1238"]
[BlackElo "1669"]
[PlyCount "47"]
[EventDate "2016.04.20"]

1. e4 e6 2. d4 d5 3. exd5 exd5 4. c4 c6 5. Nc3 Nf6 6. Bd3 dxc4 7. Bxc4 Bd6 8.
Nf3 O-O 9. O-O Bg4 10. h3 Bh5 11. g4 Bg6 12. Ne5 b5 13. Bb3 Qc7 14. f4 b4 15.
Nxg6 hxg6 16. g5 bxc3 17. gxf6 gxf6 18. Qg4 Kh7 19. f5 g5 20. Bxg5 fxg5 21.
Qh5+ Kg7 22. f6+ Kg8 23. Qg6+ Kh8 24. Qg7# 1-0

[Event "Russian Championship B11 1st league 2016"]
[Site "Loo"]
[Date "2016.04.25"]
[Round "6.23"]
[White "Anikeev, Mark"]
[Black "Balayan, Eduard"]
[Result "1-0"]
[WhiteElo "1707"]
[BlackElo "1304"]
[PlyCount "92"]
[EventDate "2016.04.20"]

1. d4 d5 2. Nf3 e6 3. e3 Bd6 4. Bd3 f5 5. O-O Nd7 6. b3 Ngf6 7. Bb2 O-O 8. Nbd2
Ne4 9. Ne5 Bxe5 10. dxe5 c5 11. f4 Qb6 12. Rf3 Qb4 13. Bxe4 fxe4 14. c3 Qb6 15.
Rg3 Qd8 16. Qg4 Qe7 17. a4 a5 18. c4 Nb6 19. cxd5 exd5 20. e6 d4 21. f5 Nd5 22.
Nc4 Nf6 23. Qh4 d3 24. Nd2 Bxe6 25. fxe6 Qxe6 26. Bxf6 Rxf6 27. Qxe4 Qd7 28.
Qc4+ Re6 29. e4 Rd8 30. Rf1 b6 31. Rff3 Qd4+ 32. Qxd4 cxd4 33. Rxd3 Rc6 34. Nc4
Rf6 35. Rgf3 Re6 36. e5 b5 37. axb5 Rb8 38. Rxd4 Rbe8 39. b6 h6 40. Rd7 a4 41.
bxa4 Rc8 42. b7 Rb8 43. Rff7 Rg6 44. Rc7 Rg4 45. Nd6 Rxa4 46. Rxg7+ Kf8 1-0

[Event "Russian Championship B11 1st league 2016"]
[Site "Loo"]
[Date "2016.04.25"]
[Round "6.24"]
[White "Shelepnev, Artem"]
[Black "Andreev, Aleksei"]
[Result "0-1"]
[WhiteElo "1317"]
[BlackElo "1629"]
[PlyCount "48"]
[EventDate "2016.04.20"]

1. e4 e5 2. Nf3 Nc6 3. d4 exd4 4. Bc4 Nf6 5. e5 Ne4 6. Nxd4 Nxe5 7. Bb3 d5 8.
Bf4 Ng6 9. Bg3 Bc5 10. O-O O-O 11. Nf3 c6 12. Nc3 Nxg3 13. hxg3 Bg4 14. Re1 Qd6
15. Ne2 Bxf3 16. gxf3 Rfe8 17. Kg2 Re6 18. Nc3 Nh4+ 19. Kf1 Rxe1+ 20. Kxe1 Re8+
21. Kf1 Nf5 22. Kg2 Bxf2 23. Kxf2 Qxg3+ 24. Kf1 Ne3+ 0-1

[Event "Russian Championship B11 1st league 2016"]
[Site "Loo"]
[Date "2016.04.25"]
[Round "6.25"]
[White "Shirokikh, Ivan"]
[Black "Astrakhanskiy, Andrey"]
[Result "0-1"]
[WhiteElo "1528"]
[BlackElo "1300"]
[PlyCount "62"]
[EventDate "2016.04.20"]

1. c4 g6 2. Nf3 Bg7 3. Nc3 d6 4. e4 Nd7 5. d4 e5 6. Be3 Ne7 7. Be2 O-O 8. Qd2
c5 9. dxc5 dxc5 10. Rd1 Nc6 11. Nd5 b6 12. h4 Nf6 13. Bd3 Bg4 14. Bh6 Nxd5 15.
exd5 Nd4 16. Bxg7 Kxg7 17. Qg5 Qxg5 18. hxg5 Nxf3+ 19. gxf3 Bxf3 20. Kd2 Bxd1
21. Kxd1 Rae8 22. f3 f6 23. gxf6+ Rxf6 24. Be4 Rh8 25. Ke2 h5 26. Kf2 h4 27.
Kg2 g5 28. Kh3 Rf4 29. Rg1 Kf6 30. Rg2 a6 31. a4 Rb8 0-1

[Event "Russian Championship B11 1st league 2016"]
[Site "Loo"]
[Date "2016.04.25"]
[Round "6.26"]
[White "Leukhin, Artem"]
[Black "Kopylov, Artem"]
[Result "1-0"]
[WhiteElo "1503"]
[BlackElo "1277"]
[PlyCount "129"]
[EventDate "2016.04.20"]

1. e4 e6 2. d4 d5 3. exd5 exd5 4. c4 Bb4+ 5. Bd2 Bxd2+ 6. Nxd2 Nf6 7. Ngf3 O-O
8. Be2 Bf5 9. O-O Nc6 10. a3 a5 11. Qb3 Qd7 12. Ne5 Nxe5 13. dxe5 Ne4 14. Nxe4
Bxe4 15. f3 dxc4 16. Qxc4 Bd5 17. Qc2 Qc6 18. Qd2 Qb6+ 19. Kh1 Rad8 20. Qc2
Rfe8 21. f4 Qg6 22. Qxg6 hxg6 23. Rac1 Bc6 24. Rfd1 Rxd1+ 25. Rxd1 f6 26. Bc4+
Kf8 27. e6 Ke7 28. Kg1 Rh8 29. h3 Rh5 30. Ba2 Be8 31. Kf2 c5 32. Rd3 Bb5 33.
Rb3 c4 34. Rc3 Rc5 35. b3 Rd5 36. bxc4 Rd2+ 37. Ke3 Rxg2 38. cxb5 Rxa2 39. Rc7+
Kxe6 40. Rxb7 Rxa3+ 41. Kd4 Ra4+ 42. Kc5 Rxf4 43. Rxg7 g5 44. b6 Rf1 45. b7
Rc1+ 46. Kb6 Rb1+ 47. Ka6 Kf5 48. Rg8 Kf4 49. b8=Q+ Rxb8 50. Rxb8 Kg3 51. Rb3+
Kh4 52. Kb5 f5 53. Kc4 f4 54. Kd4 Kh5 55. Ke4 Kg6 56. Ra3 Kh5 57. Kf3 Kh4 58.
Kg2 Kh5 59. Rxa5 Kg6 60. h4 gxh4 61. Kf3 h3 62. Kxf4 h2 63. Ra1 Kf6 64. Rh1 Kg6
65. Rxh2 1-0

[Event "Russian Championship B11 1st league 2016"]
[Site "Loo"]
[Date "2016.04.25"]
[Round "6.27"]
[White "Zhelanov, Semen"]
[Black "Matveev, Andrey"]
[Result "1-0"]
[WhiteElo "1275"]
[BlackElo "1501"]
[PlyCount "53"]
[EventDate "2016.04.20"]

1. e4 e5 2. Nf3 Nc6 3. d4 exd4 4. Bc4 Bc5 5. O-O d6 6. c3 dxc3 7. Nxc3 Nge7 8.
Ng5 Ne5 9. Bb3 h6 10. Nf3 Nxf3+ 11. Qxf3 O-O 12. Qg3 Kh7 13. Be3 Bb6 14. Rad1
Be6 15. Bc2 Ng6 16. Bxb6 axb6 17. e5 d5 18. f4 Bc8 19. Nxd5 Bd7 20. f5 Ne7 21.
Nxe7 Rxa2 22. f6+ g6 23. Rxd7 Qxd7 24. Bxg6+ Kh8 25. Bf5 Qd4+ 26. Kh1 Qf2 27.
Qg7# 1-0

[Event "Russian Championship B11 1st league 2016"]
[Site "Loo"]
[Date "2016.04.25"]
[Round "6.28"]
[White "Fadeev, Aleksei"]
[Black "Badazhkov, Egor"]
[Result "1/2-1/2"]
[WhiteElo "1492"]
[BlackElo "1268"]
[PlyCount "138"]
[EventDate "2016.04.20"]

1. e4 e5 2. Nf3 Nc6 3. Nc3 Nf6 4. d4 exd4 5. Nxd4 Bb4 6. Nxc6 bxc6 7. Bd3 O-O
8. O-O h6 9. Qf3 Re8 10. Bf4 d6 11. a3 Bxc3 12. bxc3 Bd7 13. h3 Qc8 14. Rfe1
Be6 15. e5 Bd5 16. Qg3 Nh5 17. Qh4 Nxf4 18. Qxf4 Qd7 19. exd6 cxd6 20. c4 Be6
21. Rad1 Rab8 22. c5 d5 23. c4 Qd8 24. cxd5 cxd5 25. Rc1 Rb3 26. Qd4 Rxa3 27.
Re3 Ra5 28. Qb4 Qc7 29. c6 Qb6 30. Qxb6 axb6 31. Rb1 Kf8 32. Rxb6 Rc5 33. Ba6
d4 34. Rd3 Rd8 35. Bb7 Bc4 36. Rd2 Be6 37. Kh2 Bc4 38. Kg1 Rd6 39. f3 Ke7 40.
Rb1 Be6 41. Rbd1 Bb3 42. Re1+ Kd8 43. Re4 d3 44. Re3 Rc1+ 45. Kf2 Rd1 46. Rxd1
Bxd1 47. Ke1 Be2 48. Kd2 Bf1 49. f4 Bxg2 50. c7+ Kxc7 51. Bxg2 Rf6 52. Re4 g5
53. Kxd3 gxf4 54. Ke2 Kd6 55. Kf3 Rg6 56. Rxf4 Ke6 57. Rg4 Rf6+ 58. Kg3 h5 59.
Re4+ Kd6 60. Bf3 h4+ 61. Rxh4 Ke5 62. Re4+ Kd6 63. Rg4 Rh6 64. Rg5 Rg6 65. Kg4
Ke6 66. Be4 Rh6 67. Rh5 Rxh5 68. Kxh5 f5 69. Bxf5+ Kxf5 1/2-1/2

[Event "Russian Championship B11 1st league 2016"]
[Site "Loo"]
[Date "2016.04.25"]
[Round "6.29"]
[White "Rezvyi, Dmitri"]
[Black "Gusev, Nikita"]
[Result "1-0"]
[WhiteElo "1477"]
[BlackElo "1229"]
[PlyCount "95"]
[EventDate "2016.04.20"]

1. e4 c5 2. c4 d6 3. Nc3 Nf6 4. g3 g6 5. Bg2 Bg7 6. Nge2 Nc6 7. h3 Bd7 8. O-O
O-O 9. Kh2 Qc7 10. f4 e6 11. d3 Nd4 12. Nxd4 cxd4 13. Ne2 Qb6 14. b3 e5 15. Ba3
Qa6 16. fxe5 Ne8 17. Bxd6 Nxd6 18. exd6 Qxd6 19. Qc2 Qe6 20. Nf4 Qd6 21. Nd5
Rac8 22. Qd2 Rfe8 23. Qf4 Qxf4 24. Rxf4 Re6 25. Raf1 Rf8 26. h4 Ree8 27. Bh3
Bxh3 28. Kxh3 Be5 29. Nf6+ Bxf6 30. Rxf6 Re6 31. Rxe6 fxe6 32. Rxf8+ Kxf8 33.
e5 h5 34. Kg2 Kg7 35. Kf3 Kf7 36. Ke4 Kg7 37. Kxd4 Kh6 38. Ke4 g5 39. d4 gxh4
40. gxh4 Kg6 41. d5 Kf7 42. Kf4 Kg6 43. d6 Kg7 44. d7 Kf7 45. d8=Q Kg7 46. Kg5
Kf7 47. Qd7+ Kf8 48. Kf6 1-0

[Event "Russian Championship B11 1st league 2016"]
[Site "Loo"]
[Date "2016.04.25"]
[Round "6.30"]
[White "Maxin, Vladimir"]
[Black "Pronkin, Artem"]
[Result "1-0"]
[WhiteElo "1203"]
[BlackElo "1445"]
[PlyCount "83"]
[EventDate "2016.04.20"]

1. d4 d5 2. Nf3 Nf6 3. g3 e6 4. Bg2 Be7 5. O-O O-O 6. c4 c6 7. Nc3 Nbd7 8. Ne5
Nxe5 9. dxe5 Nd7 10. e4 dxe4 11. Bxe4 Nxe5 12. Qh5 f5 13. Bg2 Qe8 14. Qe2 Bf6
15. Bf4 Ng6 16. Bd6 Be7 17. Rad1 b6 18. Bxe7 Nxe7 19. Rd6 Qf7 20. Nb5 a6 21.
Nc7 Bb7 22. Nxa8 Bxa8 23. Rxe6 Ng6 24. Re1 f4 25. Re8 fxg3 26. hxg3 b5 27.
Rxf8+ Nxf8 28. Qe8 Qxe8 29. Rxe8 Kf7 30. Rxa8 bxc4 31. Rxa6 c3 32. bxc3 c5 33.
Rc6 h5 34. a4 h4 35. a5 hxg3 36. fxg3 g5 37. a6 Nd7 38. a7 Ke7 39. a8=Q Nb8 40.
Qxb8 Kd7 41. Qb7+ Kd8 42. Rc8# 1-0

[Event "Russian Championship B11 1st league 2016"]
[Site "Loo"]
[Date "2016.04.25"]
[Round "6.31"]
[White "Lazarev, Ivan"]
[Black "Gorkov, Mikhail"]
[Result "1/2-1/2"]
[WhiteElo "1162"]
[BlackElo "1433"]
[PlyCount "83"]
[EventDate "2016.04.20"]

1. e4 c6 2. d4 d5 3. exd5 cxd5 4. Bd3 Nc6 5. c3 Nf6 6. Bf4 Bg4 7. Qb3 Na5 8.
Qa4+ Bd7 9. Qc2 e6 10. Nf3 Be7 11. O-O O-O 12. Nbd2 Rc8 13. Rfe1 a6 14. Ne5 b5
15. Qd1 Qb6 16. a3 Nc6 17. Ndf3 a5 18. Nxc6 Bxc6 19. Ne5 Kh8 20. Qf3 b4 21.
axb4 axb4 22. Rac1 Ba4 23. Qh3 Kg8 24. Re3 g6 25. Bh6 Rfd8 26. Qg3 Be8 27. f4
Nh5 28. Qg4 Bf8 29. Bxf8 Kxf8 30. Qg5 f6 31. Qh6+ Ng7 32. Ng4 f5 33. Nf6 Kf7
34. Nxh7 Ba4 35. Ng5+ Kf6 36. Nh7+ Kf7 37. Ng5+ Kf6 38. g4 Rh8 39. Nh7+ Kf7 40.
Ng5+ Kf6 41. Nh7+ Kf7 42. Ng5+ 1/2-1/2

[Event "Russian Championship B11 1st league 2016"]
[Site "Loo"]
[Date "2016.04.25"]
[Round "6.32"]
[White "Adiyatullin, Timur"]
[Black "Zhosan, Iannis"]
[Result "1-0"]
[WhiteElo "1420"]
[BlackElo "1105"]
[PlyCount "59"]
[EventDate "2016.04.20"]

1. e4 c5 2. Nf3 d6 3. d4 cxd4 4. Nxd4 Nf6 5. Nc3 g6 6. Be3 Bg7 7. f3 Nc6 8. Bb5
Bd7 9. Qd2 O-O 10. O-O-O d5 11. exd5 Nxd4 12. Bxd7 Nxf3 13. gxf3 Qxd7 14. Rhg1
b5 15. h4 b4 16. Ne4 Nxe4 17. fxe4 h5 18. Bh6 a5 19. Bxg7 Kxg7 20. Qd4+ f6 21.
Qd3 Rfb8 22. e5 f5 23. e6 Qc7 24. Qxf5 Kh8 25. Rxg6 Qxc2+ 26. Kxc2 b3+ 27. axb3
Rc8+ 28. Kb1 Rc1+ 29. Rxc1 Rg8 30. Qxh5# 1-0

[Event "Russian Championship B11 1st league 2016"]
[Site "Loo"]
[Date "2016.04.25"]
[Round "6.41"]
[White "Antimenko, Tikhon"]
[Black "Razhbadinov, Rasul"]
[Result "0-1"]
[WhiteElo "1711"]
[BlackElo "1224"]
[PlyCount "94"]
[EventDate "2016.04.20"]

1. e4 e5 2. Nf3 Nc6 3. Bc4 Bc5 4. b4 Bxb4 5. c3 Be7 6. d4 d6 7. Qb3 Nf6 8.
Bxf7+ Kf8 9. Ng5 Na5 10. Ne6+ Bxe6 11. Qxe6 Nxe4 12. Bh5 g6 13. Bh6+ Ke8 14.
Bg7 Ng5 15. Bxg6+ hxg6 16. Qxg6+ Kd7 17. Qf5+ Ne6 18. Bxh8 Qxh8 19. d5 Qh6 20.
dxe6+ Qxe6 21. Qxe6+ Kxe6 22. Nd2 Bf6 23. Ne4 Bg7 24. Rb1 d5 25. Nc5+ Kd6 26.
Nxb7+ Nxb7 27. Rxb7 e4 28. Rb3 c5 29. Kd2 Rf8 30. Rf1 Bh6+ 31. Kc2 e3 32. f3 c4
33. Rb2 Rg8 34. g3 Re8 35. f4 e2 36. Re1 Re3 37. Kd2 Rd3+ 38. Kxe2 Rxc3 39. Kd2
Rd3+ 40. Kc2 Bg7 41. Rb7 Rc3+ 42. Kb1 Bd4 43. f5 Rf3 44. Re6+ Kc5 45. a4 c3 46.
Kc2 Rf2+ 47. Kd3 Rd2# 0-1

[Event "Russian Championship B11 1st league 2016"]
[Site "Loo"]
[Date "2016.04.25"]
[Round "6.42"]
[White "Anikin, Aleksandr"]
[Black "Baratov, Victor"]
[Result "0-1"]
[WhiteElo "1193"]
[BlackElo "1557"]
[PlyCount "94"]
[EventDate "2016.04.20"]

1. e4 c5 2. Nf3 Nc6 3. Bb5 g6 4. Bxc6 dxc6 5. d3 Bg7 6. Nc3 Nh6 7. h3 f6 8. Be3
b6 9. Qd2 Nf7 10. O-O O-O 11. Bf4 e5 12. Bh2 Be6 13. Ne2 Qe7 14. Rad1 Rad8 15.
c3 Bxa2 16. Qe3 Bb3 17. Ra1 Bh6 18. Nf4 Bxf4 19. Bxf4 exf4 20. Qe2 Ne5 21. Nxe5
fxe5 22. f3 a5 23. c4 Qd7 24. Rfc1 Qxd3 25. Qe1 Qd4+ 26. Kh2 Qd2 27. Qf1 Rd7
28. h4 Rfd8 29. Kh3 Qxb2 30. Rab1 Qa2 31. Ra1 Qd2 32. Rab1 a4 33. Ra1 Qd3 34.
Qg1 h5 35. Kh2 Rd4 36. Qe1 Rxc4 37. Rcb1 Rcd4 38. Qf2 Qd2 39. Qf1 c4 40. Kh3 c3
41. Qg1 c2 42. Rb2 Qd1 43. Rxd1 cxd1=Q 44. Qh2 Rd2 45. Rxd2 Rxd2 46. g3 Qf1+
47. Qg2 Qxg2# 0-1

[Event "Russian Championship B11 1st league 2016"]
[Site "Loo"]
[Date "2016.04.25"]
[Round "6.45"]
[White "Malyshev, Efim"]
[Black "Smirnov, Ilja"]
[Result "0-1"]
[WhiteElo "1135"]
[BlackElo "1506"]
[PlyCount "64"]
[EventDate "2016.04.20"]

1. e4 Nf6 2. e5 Nd5 3. c4 Nb6 4. d4 d6 5. Nf3 g6 6. Be2 Bg7 7. Bf4 O-O 8. Qd2
Nc6 9. Bh6 dxe5 10. Bxg7 Kxg7 11. d5 e4 12. Qc3+ Kg8 13. Ng5 e6 14. Nxe6 fxe6
15. dxc6 bxc6 16. c5 Nd5 17. Qg3 Qf6 18. Nc3 e3 19. Nxd5 exf2+ 20. Kf1 cxd5 21.
Rb1 Rb8 22. b3 e5 23. Bf3 e4 24. Be2 Ba6 25. Qe3 d4 26. Qxe4 Rfe8 27. Qd5+ Kh8
28. Bxa6 Qxa6+ 29. Kxf2 Qe2+ 30. Kg3 Re3+ 31. Kh4 Re4+ 32. Kh3 Qg4# 0-1

[Event "Russian Championship B11 2016"]
[Site "Loo"]
[Date "2016.04.25"]
[Round "6.1"]
[White "Ponomarev, Grigori"]
[Black "Murzin, Volodar"]
[Result "1/2-1/2"]
[WhiteElo "1940"]
[BlackElo "2170"]
[PlyCount "99"]
[EventDate "2016.04.20"]

1. d4 Nf6 2. Nf3 g6 3. Bf4 Bg7 4. e3 O-O 5. h3 d6 6. Be2 c5 7. c3 Nc6 8. O-O
Be6 9. Nbd2 Qb6 10. Qc2 cxd4 11. exd4 Rac8 12. Nc4 Bxc4 13. Bxc4 d5 14. Bb3 e6
15. Qe2 a6 16. Ne5 Na5 17. Ba4 Nc4 18. Nxc4 dxc4 19. Be5 Nd5 20. Bxg7 Kxg7 21.
Qd2 Qd6 22. Bd1 b5 23. Bf3 Rfd8 24. Bxd5 Qxd5 25. Qf4 Qd6 26. Qe4 Qc6 27. Qe3
Rd5 28. Rfe1 h6 29. Qe4 Rg5 30. Qxc6 Rxc6 31. Rad1 Rd5 32. Re5 Rcd6 33. Rxd5
Rxd5 34. Re1 Kf6 35. a3 a5 36. f3 b4 37. axb4 axb4 38. Ra1 bxc3 39. bxc3 Rd7
40. Ra5 Rc7 41. Kf2 Ke7 42. Ke3 Kd6 43. Ra6+ Rc6 44. Rxc6+ Kxc6 45. Ke4 Kd6 46.
h4 g5 47. hxg5 hxg5 48. g4 f6 49. f4 gxf4 50. Kxf4 1/2-1/2

[Event "Russian Championship B11 2016"]
[Site "Loo"]
[Date "2016.04.25"]
[Round "6.2"]
[White "Trofimov, Pavel"]
[Black "Maneluk, Daniil"]
[Result "0-1"]
[WhiteElo "1748"]
[BlackElo "1801"]
[PlyCount "66"]
[EventDate "2016.04.20"]

1. d4 Nf6 2. Nf3 b6 3. c4 Bb7 4. Nc3 g6 5. Qc2 Bg7 6. e4 d6 7. Bg5 O-O 8. Be2
Nbd7 9. O-O c5 10. Rad1 cxd4 11. Nxd4 a6 12. Rfe1 Qc7 13. Bf1 h6 14. Bf4 e5 15.
Ndb5 axb5 16. Nxb5 Qb8 17. Bc1 Ne8 18. f4 Nc5 19. b4 Ne6 20. fxe5 Bxe5 21. Bxh6
N8g7 22. Re3 Bc6 23. Rh3 Bxb5 24. cxb5 Rc8 25. Qb3 Qc7 26. Qd5 Qa7 27. a3 Qa4
28. Rd2 Ra7 29. Rb3 g5 30. g3 Rc1 31. h4 Nh5 32. hxg5 Nhf4 33. gxf4 Nxf4 0-1

[Event "Russian Championship B11 2016"]
[Site "Loo"]
[Date "2016.04.25"]
[Round "6.3"]
[White "Makoveev, Ilya"]
[Black "Titov, Alexander"]
[Result "1/2-1/2"]
[WhiteElo "2137"]
[BlackElo "1641"]
[PlyCount "158"]
[EventDate "2016.04.20"]

1. d4 Nf6 2. Nf3 g6 3. g3 Bg7 4. Bg2 d5 5. O-O O-O 6. c4 c6 7. Nc3 Ne4 8. Qb3
Nxc3 9. bxc3 dxc4 10. Qxc4 Be6 11. Qb4 b6 12. Bf4 Bd5 13. Rfe1 f5 14. Ng5 Bf6
15. Bxd5+ Qxd5 16. e4 fxe4 17. Nxe4 Nd7 18. Nxf6+ exf6 19. Re7 g5 20. Bd6 Rf7
21. Rae1 Rxe7 22. Rxe7 Nf8 23. Qb3 Rd8 24. Ba3 Nd7 25. Re6 Qxb3 26. axb3 c5 27.
dxc5 Nxc5 28. Bxc5 bxc5 29. Rxf6 Rd3 30. c4 Rxb3 31. Rf5 h6 32. Rxc5 Rc3 33.
Kg2 a5 34. Kh3 a4 35. Kg4 Rc2 36. Kf3 a3 37. Ra5 Rxc4 38. Rxa3 Kg7 39. Ra7+ Kg6
40. Ra6+ Kg7 41. Rb6 Ra4 42. h3 Rc4 43. Rb7+ Kg6 44. Rb6+ Kg7 45. Ra6 Rb4 46.
Ra7+ Kg6 47. Ra6+ Kg7 48. Re6 Ra4 49. Re4 Ra2 50. Rb4 Kg6 51. h4 Rc2 52. Rb6+
Kg7 53. h5 Rc4 54. Rb7+ Kg8 55. Re7 Ra4 56. Re4 Ra2 57. Re6 Kg7 58. Rg6+ Kh7
59. Rf6 Kg7 60. Rf5 Ra4 61. Kg2 Ra2 62. Kh3 Ra4 63. f4 gxf4 64. gxf4 Ra1 65.
Rb5 Kf6 66. Kg2 Ra3 67. Rc5 Rb3 68. Ra5 Rc3 69. Ra6+ Kf5 70. Rxh6 Kxf4 71. Rg6
Kf5 72. Rg8 Rc6 73. Kg3 Rc3+ 74. Kg2 Rc6 75. Kh3 Rc3+ 76. Kg2 Rc6 77. Kh3 Rc3+
78. Rg3 Rxg3+ 79. Kxg3 Kg5 1/2-1/2

[Event "Russian Championship B11 2016"]
[Site "Loo"]
[Date "2016.04.25"]
[Round "6.4"]
[White "Putrenko, Kirill"]
[Black "Grebnev, Aleksey"]
[Result "1/2-1/2"]
[WhiteElo "1647"]
[BlackElo "1766"]
[PlyCount "101"]
[EventDate "2016.04.20"]

1. d4 d5 2. c4 e6 3. Nc3 Nf6 4. cxd5 exd5 5. Bg5 Nbd7 6. e3 c6 7. Bd3 Bd6 8.
Qc2 h6 9. Bf4 O-O 10. Nf3 Re8 11. O-O Qc7 12. Rfc1 a6 13. Rab1 Qd8 14. b4 Qe7
15. Qb3 g5 16. Bg3 Bxg3 17. hxg3 Ne4 18. Bxe4 dxe4 19. Nd2 Nf6 20. a4 Be6 21.
Qc2 Bd5 22. b5 axb5 23. axb5 Rac8 24. Qb2 Kg7 25. bxc6 bxc6 26. Na4 Ng4 27. Nc5
Qf6 28. Nf1 Ra8 29. Ra1 Reb8 30. Qc2 Rxa1 31. Rxa1 Rb5 32. Ra3 Qg6 33. Nd2 Qh5
34. Nf1 Nf6 35. Ra8 Rb4 36. Ra7 Qg6 37. Nd7 Nxd7 38. Rxd7 Qf5 39. Rd8 Rc4 40.
Qb1 Qf6 41. Rb8 Ra4 42. Rb4 Ra2 43. Rb2 Ra3 44. Nd2 Rd3 45. Nb3 Bxb3 46. Rxb3
Rd2 47. Qe1 Rc2 48. Rc3 Ra2 49. Rc1 Kh7 50. Ra1 Rb2 51. Rb1 1/2-1/2

[Event "Russian Championship B11 2016"]
[Site "Loo"]
[Date "2016.04.25"]
[Round "6.5"]
[White "Lystsov, Leonid"]
[Black "Atovmian, Artem"]
[Result "0-1"]
[WhiteElo "1569"]
[BlackElo "1682"]
[PlyCount "144"]
[EventDate "2016.04.20"]

1. d4 Nf6 2. Nf3 e6 3. Bf4 Be7 4. e3 O-O 5. Bd3 c5 6. c3 b6 7. h3 Bb7 8. O-O d6
9. Qe2 Nbd7 10. e4 Re8 11. Nbd2 h6 12. Rfd1 Qc7 13. Rac1 Rac8 14. Bh2 Qb8 15.
e5 dxe5 16. dxe5 Nd5 17. Ne4 Red8 18. a3 Bf8 19. c4 Ne7 20. Nd6 Rc7 21. Nxb7
Qxb7 22. Be4 Qb8 23. Rd3 g6 24. Rcd1 Bg7 25. Qd2 Qc8 26. g4 Qa6 27. Qc2 Kh8 28.
Ne1 Qa5 29. Kg2 Kg8 30. f4 a6 31. Nf3 b5 32. Bg3 bxc4 33. Qxc4 Qb5 34. Qxb5
axb5 35. Bf2 c4 36. R3d2 Bf8 37. Kg3 Nc8 38. f5 b4 39. fxe6 fxe6 40. Bc2 bxa3
41. bxa3 Kf7 42. Ba4 Ke7 43. Rxd7+ Rdxd7 44. Rxd7+ Rxd7 45. Bc5+ Kd8 46. Bxf8
Ra7 47. Bc2 Ne7 48. Bxe7+ Kxe7 49. Bxg6 Rxa3 50. Kh4 Rxf3 51. Bc2 Kf7 52. g5
hxg5+ 53. Kxg5 Rxh3 54. Kf4 c3 55. Ke4 Ke7 56. Kd4 Kd7 57. Bb3 Kc6 58. Kc4 Kb6
59. Bc2 Rg3 60. Bd3 Kc6 61. Be4+ Kd7 62. Bc2 Re3 63. Kd4 Re2 64. Ba4+ Ke7 65.
Kxc3 Rxe5 66. Kd4 Kd6 67. Bb3 Rh5 68. Ke4 Rh4+ 69. Kd3 Ke5 70. Bc2 Rh3+ 71. Ke2
Kd4 72. Ba4 e5 0-1

[Event "Russian Championship B11 2016"]
[Site "Loo"]
[Date "2016.04.25"]
[Round "6.6"]
[White "Krivenko, Dmitry"]
[Black "Dudarev, Vladislav"]
[Result "1-0"]
[WhiteElo "1536"]
[BlackElo "1772"]
[PlyCount "85"]
[EventDate "2016.04.20"]

1. e4 c5 2. Nf3 d6 3. d4 cxd4 4. Qxd4 Nf6 5. c4 Nc6 6. Qd3 Bg4 7. Be2 Bxf3 8.
gxf3 e5 9. Be3 Be7 10. Nc3 Rc8 11. O-O Qd7 12. Kh1 Qh3 13. Rg1 Nh5 14. Nd5 h6
15. f4 Nxf4 16. Nxf4 exf4 17. Bg4 Qh4 18. Bxc8 Ne5 19. Qe2 fxe3 20. Qxe3 Bg5
21. Qe2 Bf4 22. Rg2 h5 23. c5 g5 24. cxd6 g4 25. Rag1 Kf8 26. Rg3 Nf3 27. R1g2
Bxg3 28. fxg3 Qg5 29. Qd1 h4 30. gxh4 Rxh4 31. Bxg4 Ne5 32. Bf5 Qf6 33. Qd4 Rf4
34. Rg1 Nd7 35. Qe3 Rxf5 36. exf5 Qxd6 37. Qg3 Qd5+ 38. Qg2 Qb5 39. f6 Nxf6 40.
Qg7+ Ke7 41. Re1+ Kd7 42. Qxf7+ Kc8 43. Rc1+ 1-0

[Event "Russian Championship B11 2016"]
[Site "Loo"]
[Date "2016.04.25"]
[Round "6.8"]
[White "Ryabov, Georgi"]
[Black "Poroshin, Aleksandr"]
[Result "1/2-1/2"]
[WhiteElo "1715"]
[BlackElo "1599"]
[PlyCount "106"]
[EventDate "2016.04.20"]

1. d4 Nf6 2. Nf3 c5 3. e3 e6 4. c4 cxd4 5. exd4 Be7 6. Nc3 O-O 7. Bd3 d6 8. O-O
b6 9. b3 Bb7 10. Bb2 Nbd7 11. Qe2 h6 12. Rad1 Rc8 13. Rfe1 Re8 14. a4 d5 15.
Ne5 Bb4 16. Rc1 Nxe5 17. dxe5 Nd7 18. Red1 Qg5 19. Na2 dxc4 20. Be4 Bxe4 21.
Qxe4 Nc5 22. Qxc4 a5 23. Nxb4 axb4 24. f4 Qf5 25. Rd4 Qh5 26. Qxb4 Qe2 27. Qd2
Qxd2 28. Rxd2 Nxb3 29. Rxc8 Rxc8 30. Rd6 Rc2 31. Bd4 Rc4 32. Be3 Re4 33. Kf2
Rxa4 34. Rxb6 Ra2+ 35. Kg3 Ra3 36. Kg4 Na1 37. Bc1 Ra2 38. Rb2 Rxb2 39. Bxb2
Nb3 40. h4 Nd2 41. Bd4 Nc4 42. Kf3 Kf8 43. Bc5+ Ke8 44. g4 Kd7 45. Bf8 g5 46.
Bxh6 gxh4 47. Bg5 h3 48. Kg3 Kc6 49. Kxh3 Kd5 50. Bf6 Ke4 51. Kg3 Nb6 52. Bg5
Nd5 53. Bh6 Ne7 1/2-1/2

[Event "Russian Championship B11 2016"]
[Site "Loo"]
[Date "2016.04.25"]
[Round "6.9"]
[White "Prokhorov, Stepan"]
[Black "Merts, Dmitrii"]
[Result "1/2-1/2"]
[WhiteElo "1689"]
[BlackElo "1578"]
[PlyCount "151"]
[EventDate "2016.04.20"]

1. e4 c5 2. Nf3 e6 3. c3 d5 4. exd5 exd5 5. d4 Nc6 6. dxc5 Bxc5 7. Be2 Nge7 8.
O-O Bf5 9. Bg5 f6 10. Bf4 O-O 11. Nbd2 Ng6 12. Bg3 Nge5 13. Nb3 Bb6 14. Nbd4
Nxd4 15. Nxd4 Bc8 16. Re1 Nc6 17. Nf3 Bf5 18. Qb3 Qd7 19. Rad1 Be6 20. Bb5 Qf7
21. Ba4 Rac8 22. Qc2 Rfd8 23. Qe2 Bg4 24. h3 Bh5 25. Bb3 Na5 26. Bc2 Nc4 27.
Bf5 Bxf3 28. gxf3 Rc6 29. Be6 Rxe6 30. Qxe6 Nxb2 31. Qxf7+ Kxf7 32. Rd2 Nc4 33.
Rde2 Bc5 34. Rd1 Ba3 35. Re4 b5 36. Red4 Ke6 37. Rg4 Kf7 38. Rgd4 Ke6 39. Re1+
Kf7 40. f4 Bc5 41. Rd3 f5 42. Rb1 Na3 43. Rbd1 Ke6 44. Re1+ Kf7 45. Re5 g6 46.
Rexd5 Rxd5 47. Rxd5 Bb6 48. Kf1 Ba5 49. Rd7+ Kg8 50. Rxa7 Nc4 51. Ra8+ Kg7 52.
Rb8 Bxc3 53. Rxb5 Nd2+ 54. Ke2 Ne4 55. Rb7+ Kg8 56. Rc7 Bd4 57. a4 Bb6 58. Rb7
Nc3+ 59. Kd3 Nxa4 60. Kc4 Nb2+ 61. Kd5 Na4 62. Ke6 Nc5+ 63. Kd5 Nxb7 64. Kc6
Bxf2 65. Bxf2 Na5+ 66. Kd5 Kf7 67. Kc5 Nb3+ 68. Kc4 Nd2+ 69. Kd3 Ne4 70. Be1 h6
71. h4 Kf6 72. Ke3 g5 73. hxg5+ hxg5 74. fxg5+ Kxg5 75. Ba5 Nf6 76. Bd8 1/2-1/2

[Event "Russian Championship B11 2016"]
[Site "Loo"]
[Date "2016.04.25"]
[Round "6.10"]
[White "Makinyan, Ruben"]
[Black "Kochetov, Vladislav"]
[Result "1-0"]
[WhiteElo "1583"]
[BlackElo "1674"]
[PlyCount "141"]
[EventDate "2016.04.20"]

1. e4 c5 2. c3 Nf6 3. e5 Nd5 4. Nf3 Nc6 5. Na3 d6 6. exd6 exd6 7. d4 Bg4 8. Be2
Be7 9. O-O O-O 10. Nc2 a6 11. Bd2 b5 12. h3 Bh5 13. Re1 Rb8 14. b3 a5 15. dxc5
dxc5 16. Rc1 b4 17. c4 Nb6 18. Be3 Qc7 19. Nd2 Bxe2 20. Qxe2 Rfe8 21. Rcd1 Bg5
22. Nf3 Bxe3 23. Nxe3 Qf4 24. Nd5 Rxe2 25. Nxf4 Rxe1+ 26. Rxe1 Rd8 27. Nd5 Nxd5
28. cxd5 Nd4 29. Nxd4 cxd4 30. Re4 Kf8 31. Rxd4 Ke7 32. f4 Rc8 33. Rd2 Kd6 34.
Kf2 Rc3 35. f5 Rc5 36. Ke3 f6 37. h4 h5 38. Ke4 Rc8 39. Kf4 Rc7 40. g4 hxg4 41.
Kxg4 Ke5 42. d6 Rd7 43. Rd1 Ke4 44. Rd2 Ke3 45. Rd5 Ke4 46. Rxa5 Rxd6 47. Ra7
Rd5 48. Rb7 Rd4 49. Re7+ Kd3+ 50. Kh5 Kc2 51. Rxg7 Kb2 52. Rg2+ Ka3 53. Kg6
Rxh4 54. Kxf6 Rh1 55. Rg4 Ra1 56. Kg7 Rxa2 57. Rg3 Rb2 58. f6 Rxb3 59. Rxb3+
Kxb3 60. f7 Ka2 61. f8=Q b3 62. Qa8+ Kb1 63. Kf6 b2 64. Qc6 Ka1 65. Qa4+ Kb1
66. Ke5 Kc1 67. Qc4+ Kb1 68. Kd4 Ka1 69. Qa4+ Kb1 70. Kc3 Kc1 71. Qc2# 1-0